Представление документа в формате MARC21

ПолеНазваниеЗначение
  Тип записи a
  Библиографический уровень m
001 Контрольный номер RU/URAIT/583253
005 Дата корректировки 20260429163643.1
008 Кодируемые данные 260429s2026 RU y f j 000 0 rus u
020 Индекс ISBN __
a ISBN 978-5-534-19149-3
c Цена, тираж 1769.00
040 Источник каталогиз. __
a Служба первич. каталог. ИКО Юрайт
c Служба, преобразующая запись ИКО Юрайт
e Правила каталог. RCR
041 Код языка издания __
a Код языка текста rus
044 Код страны публикации __
a Код страны публикации RU
080 Индекс УДК __
a Индекс УДК 54
084 Индекс другой классификации/Индекс ББК __
2 Источник индекса rubbk
a Индекс другой классификации/Индекс ББК 24.1я73
100 Автор __
a Автор Росин И. В.
q Полное имя Росин Игорь Владимирович
245 Заглавие __
a Заглавие Общая и неорганическая химия. Общая химия
b Продолж. заглавия учебник (отсутствует)
c Ответственность И. В. Росин, Л. Д. Томина.
256 Характеристики компьютерного файла __
a Характеристики компьютерного файла Электрон. дан.
260 Выходные данные __
a Место издания Москва
b Издательство Юрайт
c Дата издания 2026
300 Физическое описание __
a Объем 426 с
440 Серия __
a Серия Высшее образование
500 Примечания __
a Примечание URL: https://urait.ru/bcode/583253 (дата обращения: 29.04.2026).
520 Аннотация __
a Аннотация В учебник включены разделы по общей и неорганической химии. В общие разделы введены в соответствии с программой курса углубленные теоретические современные представления о строении вещества, газообразном, жидком и кристаллическом состоянии вещества, диаграммы состояния. Освещены актуальные прикладные направления и разработки, например, в области создания новых источников тока. В каждом разделе приведены примеры, рассказывающие о современном применении химии в промышленности и практической жизни, в том числе, об экологических аспектах из реальной жизни.
538 Прим. о системных особенностях __
a Прим. о системных особенностях Режим доступа: Электронно-библиотечная система Юрайт, для авториз. пользователей
653 Ключевые слова __
a Ключевые слова Общая химия
653 Ключевые слова __
a Ключевые слова Естественные науки
653 Ключевые слова __
a Ключевые слова Химия
653 Ключевые слова __
a Ключевые слова Неорганическая и аналитическая химия
653 Ключевые слова __
a Ключевые слова Неорганическая химия
653 Ключевые слова __
a Ключевые слова Общая и неорганическая химия
653 Ключевые слова __
a Ключевые слова Общая химия
653 Ключевые слова __
a Ключевые слова Неорганическая и органическая химия
653 Ключевые слова __
a Ключевые слова Основы общей и неорганической химии
653 Ключевые слова __
a Ключевые слова Введение в неорганическую химию
653 Ключевые слова __
a Ключевые слова Основы химии
653 Ключевые слова __
a Ключевые слова Химия: общая и неорганическая
653 Ключевые слова __
a Ключевые слова Введение в общую химию
700 Другие авторы __
a Другие авторы Томина Л. Д.
q Полное имя Томина Людмила Дмитриевна
856 Электронный адрес документа 40
n Местонахождение сервера Юрайт
g Электронная книга
q Тип электронного формата html
h Имя пользователя ЮРАЙТ
v Часы доступа к ресурсу 20271231
2 Способ доступа Показать документ
x Служебное примечание https://urait.ru/book/cover/8574F184-D203-4F6B-9132-20E274DB4B2E
u URL https://urait.ru/bcode/583253
856 Электронный адрес документа 48
q Тип электронного формата cover
u URL https://urait.ru/book/cover/8574F184-D203-4F6B-9132-20E274DB4B2E
911 __
u 0030=https://urait.ru/bcode/583253
911 __
u 073a=9785534191493
u 073d=1769.00
911 __
u 106a=s
911 __
u 900l=
952 Тип литературы __
i Дисциплина Химия
952 Тип литературы __
i Дисциплина Неорганическая и аналитическая химия
952 Тип литературы __
i Дисциплина Неорганическая химия
952 Тип литературы __
i Дисциплина Общая и неорганическая химия
952 Тип литературы __
i Дисциплина Общая химия
952 Тип литературы __
i Дисциплина Неорганическая и органическая химия
952 Тип литературы __
i Дисциплина Основы общей и неорганической химии
952 Тип литературы __
i Дисциплина Введение в неорганическую химию
952 Тип литературы __
i Дисциплина Основы химии
952 Тип литературы __
i Дисциплина Химия: общая и неорганическая
952 Тип литературы __
i Дисциплина Введение в общую химию